Personnel management (Record no. 53407)

MARC details
000 -LEADER
fixed length control field 00534nam a2200157 a 4500
008 - FIXED-LENGTH DATA ELEMENTS--GENERAL INFORMATION
fixed length control field 120416s1956 ||||||||||||||||| || u
050 ## - LIBRARY OF CONGRESS CALL NUMBER
Classification number HF 5549 Nor
100 ## - MAIN ENTRY--PERSONAL NAME
Personal name Northcott, Clarence Hunter
245 10 - TITLE STATEMENT
Title Personnel management
246 ## - VARYING FORM OF TITLE
Title proper/short title principles and practice
250 ## - EDITION STATEMENT
Edition statement 3rd. rev.
260 ## - PUBLICATION, DISTRIBUTION, ETC.
Place of publication, distribution, etc. New York
Name of publisher, distributor, etc. Philosophical Library
Date of publication, distribution, etc. 1956
300 ## - PHYSICAL DESCRIPTION
Extent vii, 428p.
350 ## - PRICE (NR) (BK AM CF MU VM SE) [OBSOLETE]
Price 0.00
995 ## - RECOMMENDATION 995 [LOCAL, UNIMARC FRANCE]
-- 0.00
-- CBU-MAIN LIBRARY (Kitwe)
-- 1
-- 0.00
-- DAMAGED
-- Main Library Open Access Collection
Holdings
Withdrawn status Lost status Source of classification or shelving scheme Damaged status Not for loan Home library Current library Shelving location Date acquired Total Checkouts Full call number Barcode Date last seen Price effective from Koha item type
          CBU-MAIN LIBRARY, KITWE. CBU-MAIN LIBRARY, KITWE.   11/30/2022   HF 5549 Nor 006559 11/30/2022 11/30/2022 MONOGRAPH